000 00602nam a2200205Ia 4500
008 230125s9999 xx 000 0 und d
020 _a9789380658162
041 _aeng
082 _a823
_bCAN
100 _aCanfield J
245 _aChicken Soup For The Indian Brides Soul.
260 _c2011
_bWestland Publications
_aChennai
300 _a373p
440 _v1
500 _aChicken Soup for the Soul Series Book;English Literature;Literature;Series Book;
650 _aEnglish Literature
700 _aCanfield J; Hansen M & Bharadia R
_9117321
906 _b29
999 _c95086
_d95086